000 00226nam a2200097Ia 4500
005 20251222114341.0
008 251222s1900||||xx |||||||||||||| ||spa||
082 _aDVD0090/M84/2002
245 0 _aBowling for colunbine.
942 _cDVD
999 _c854
_d854